000 01746nam a2200397 a 4500
999 _c130466
_d130466
003 BLK
005 20250320164313.0
008 180409b bul|||||r ||||||| ||bul||
010 _aKNG00136231000
020 _a978-954-516-946-5
040 _aBLK
041 _aBUL
_cBUL
080 _aИстория на цивилизацията. История на културата
_b930.85
_x(470.41)(093)
_z930.85(470.41)(093)
080 _aМитологични сказания и сюжети
_b398.22
_x(470.41)
_z398.22(470.41)
100 _9283713
_aВладимиров, Георги Владимиров
_eпърви автор
139 _aВладимиров, Георги Владимиров
_bВ 70
245 1 0 _aВолжка България и Казанското ханство
_bПредания и легенди на народите по Средна Волга
_cавт.-състав. Георги Владимиров
257 _aBGR
260 _aПловдив
_bЛетера
_c2011
_fКостинброд : Мултипринт
300 _a120 с.
_bс цв. ил., к., портр.
_c23 см
380 _a9
500 _aРез. на рус., англ. ез. - Азб. показалец
504 _aБиблиогр. с. 114-115
650 4 _aВолжки българи - история
_9283715
650 0 _aНародно творчество, словесно
_9286526
650 7 _aТатарстан - история
_9173199
653 _aпредания
653 _aлегенди
852 _aЦб 257077
856 4 _qpdf
856 4 _qpdf
942 _cKNG
_n0
_07
_s1
944 _aCR
_c15.11.2012
_k30535
_lХристина Везирева
944 _aED
_c2022-08-30
999 _d130466